Zber a spracovanie dát zo sieťových zariadení v rámci SOC

Salvato in:
Dettagli Bibliografici
Autore principale: Mikuláš, Matúš (Autore)
Altri autori: Kotuliak, Ivan (Relatore della tesi)
Natura: Manoscritto Libro
Lingua:slovacco
Pubblicazione: 2023
Soggetti:
Accesso online:http://is.stuba.sk/zp/portal_zp.pl?podrobnosti=169837
Tags: Aggiungi Tag
Nessun Tag, puoi essere il primo ad aggiungerne!!

MARC

LEADER 00000ntm a22000003a 4500
001 stuzp94857
003 SK-STU
005 20230909223336.5
007 ta
008 150427s2015----xo-----f-mn---000-0-slo-d
040 |a STU  |b slo 
041 0 |a slo 
100 1 |a Mikuláš, Matúš  |u 070400  |k Z3  |4 aut  |U FIIT Fakulta informatiky a informačných technológií  |T FIIT Ústav počítačového inžinierstva a aplikovanej informatiky  |X 96972  |U I400  |Y 672  |7 96972 
242 0 1 |a Network devices data collection and processing within SOC  |y eng 
245 1 0 |a Zber a spracovanie dát zo sieťových zariadení v rámci SOC 
260 |c 2023 
650 4 |a SOC  |2 slo 
650 4 |a Syslog  |2 slo 
650 4 |a IPFIX  |2 slo 
650 4 |a monitorovanie siete  |2 slo 
650 4 |a SNMP  |2 slo 
650 4 |a zber dát  |2 slo 
650 4 |a ELK  |2 slo 
650 4 |a bezpečnosť  |2 slo 
650 4 |a Syslog  |2 eng 
650 4 |a ELK  |2 eng 
650 4 |a network monitoring  |2 eng 
650 4 |a security  |2 eng 
650 4 |a SNMP  |2 eng 
650 4 |a SOC  |2 eng 
650 4 |a data collection  |2 eng 
650 4 |a IPFIX  |2 eng 
700 1 |a Kotuliak, Ivan  |u 070400  |k Z1  |4 ths  |U FIIT Fakulta informatiky a informačných technológií  |T FIIT Ústav počítačového inžinierstva a aplikovanej informatiky  |X 1883  |U I400  |Y 672  |7 1883 
856 4 |u http://is.stuba.sk/zp/portal_zp.pl?podrobnosti=169837